|
|
|
|
| LEADER |
01302nam a22003017a 4500 |
| 001 |
17686 |
| 003 |
BD-DhAAL |
| 005 |
20140702120217.0 |
| 008 |
140702r19941993ii b 000 0 eng d |
| 020 |
|
|
|a 8185107734
|
| 040 |
|
|
|a BD-DhAAL
|c BD-DhAAL
|
| 041 |
|
|
|a eng
|
| 082 |
|
|
|2 22
|a 306.858
|
| 100 |
1 |
|
|a Bhasin, Kamla,
|d 1946-
|9 5257
|
| 245 |
1 |
0 |
|a What is patriarchy? /
|c Kamla Bhasin.
|
| 260 |
|
|
|a New Delhi :
|b Kali for women,
|c 1993
|
| 300 |
|
|
|a 41 p. ;
|c 22 cm.
|
| 490 |
|
0 |
|a Kali primaries.
|
| 504 |
|
|
|a Includes bibliographical references (p. 41).
|
| 650 |
|
0 |
|a Patriarchy
|x history.
|9 4412
|
| 650 |
|
0 |
|a Feminism.
|9 5258
|
| 650 |
|
0 |
|a Social structure.
|9 2122
|
| 650 |
|
0 |
|a Patriarchy
|z South Asia.
|9 5259
|
| 942 |
|
|
|2 ddc
|c BK
|
| 999 |
|
|
|c 32827
|d 32827
|
| 952 |
|
|
|0 0
|1 0
|2 ddc
|4 0
|6 306_858000000000000_BHA
|7 0
|9 42878
|a BRACUL
|b BRACUL
|c GEN
|d 2014-07-02
|l 2
|m 18
|o 306.858 BHA
|p 3010017686
|r 2024-11-18
|s 2024-11-11
|t 1
|w 2014-07-02
|y BK
|x Transferred from ENH to Ayesha Abed library on 20/12/2023
|
| 952 |
|
|
|0 0
|1 0
|2 ddc
|4 0
|6 306_858000000000000_BHA
|7 0
|9 54010
|a SCL
|b SCL
|c GEN
|d 2015-06-02
|l 1
|m 1
|o 306.858 BHA
|p 3020001705
|r 2023-08-26
|s 2023-08-13
|t 2
|w 2015-06-02
|y BK
|
| 952 |
|
|
|0 0
|1 0
|2 ddc
|4 0
|6 306_858000000000000_BHA
|7 0
|9 54560
|a SCL
|b SCL
|c GEN
|d 2015-06-28
|l 1
|o 306.858 BHA
|p 3020002897
|r 2025-09-14
|s 2025-09-10
|t 3
|w 2015-06-28
|y BK
|